<?xml version="1.0" encoding="UTF-8"?>
<marc:record xmlns:marc="http://www.loc.gov/MARC21/slim">
   <marc:leader>00000nam a2200000 a 4500</marc:leader>
   <marc:datafield ind1="1" ind2=" " tag="100">
      <marc:subfield code="a">Rebhandl, Manfred</marc:subfield>
      <marc:subfield code="4">aut</marc:subfield>
      <marc:subfield code="e">Verfasser/-in</marc:subfield>
   </marc:datafield>
   <marc:datafield ind1="0" ind2="0" tag="245">
      <marc:subfield code="a">Sommer ohne Horst</marc:subfield>
   </marc:datafield>
   <marc:datafield ind1="0" ind2="0" tag="245">
      <marc:subfield code="b">Rockenschaub löst auf alle Fälle alle Fälle : Krimi</marc:subfield>
   </marc:datafield>
   <marc:datafield ind1="0" ind2="0" tag="245">
      <marc:subfield code="c">Manfred Rebhandl</marc:subfield>
   </marc:datafield>
   <marc:datafield ind1=" " ind2="1" tag="264">
      <marc:subfield code="a">Innsbruck</marc:subfield>
      <marc:subfield code="b">Haymon Taschenbuch</marc:subfield>
      <marc:subfield code="c">2020</marc:subfield>
   </marc:datafield>
   <marc:datafield ind1="1" ind2=" " tag="490">
      <marc:subfield code="a">Rock Rockenschaub</marc:subfield>
      <marc:subfield code="v">5</marc:subfield>
   </marc:datafield>
   <marc:datafield ind1=" " ind2=" " tag="250">
      <marc:subfield code="a">Originalausgabe</marc:subfield>
   </marc:datafield>
   <marc:datafield ind1="1" ind2=" " tag="520">
      <marc:subfield code="a">Superschnüffler Rock Rockenschaub freut sich auf einen chilligen Sommer im Ottakringer Bad. Ladys eincremen, Joints drehen und beim Herrengedeck entspannen. Am besten geht das mit seinem Buddy Bademeister Horst: dem Meister des Sonnenöls! Der Supergigolo ist über zwei Meter groß und geformt wie ein Cornetto - blonde Haare bis halb zum Arsch und ein fetter Schnauzer im Gesicht. Der Austrian Hulk Hogan! Mit ihm wäre Rocks Sommer perfekt - bis die denkbar größte Katastrophe eintritt: Horst ist plötzlich verschwunden! Rock macht sich auf die Suche und findet heraus, dass sein Freund im Gefängnis sitzt, weil ihn eine bloggende Lehrerin gigantischer Ausmaße mit Achtsamkeits-Tick der Vergewaltigung bezichtigt. (Lachhaft! Horst und eine Dicke?) Als wäre das nicht schon Drama genug, wird der Schlauch, ein nigerianischer Drogendealer und Junkie-Kardinal ermordet und entmannt in einem Obdachlosenheim aufgefunden.</marc:subfield>
   </marc:datafield>
   <marc:datafield ind1=" " ind2=" " tag="020">
      <marc:subfield code="a">9783709979297</marc:subfield>
      <marc:subfield code="9">9783709979297</marc:subfield>
   </marc:datafield>
   <marc:datafield ind1=" " ind2=" " tag="020">
      <marc:subfield code="a">3709979293</marc:subfield>
      <marc:subfield code="9">3709979293</marc:subfield>
   </marc:datafield>
   <marc:datafield ind1=" " ind2=" " tag="300">
      <marc:subfield code="a">228 Seiten, kart.</marc:subfield>
   </marc:datafield>
</marc:record>
